000 00748nam a22001577a 4500
003 LRUA
005 20200117145900.0
008 200117b xxu||||| |||| 00| 0 eng d
040 _cRUA
082 _aAED CHO 2018 B657 Or.1
100 _914116
_aCHOR MACH ជ ម៉ាច
245 _athe study on economice efficiency of rainy season rice production in prey sloek commune, treang district, takeo province ការសិក្សាពីប្រសិទ្ធភាពសេដ្ឋនៃផលិតផតកម្មស្រូវវស្សារនៅឃុំព្រៃស្លឹក ស្រុកទ្រាំ ខេត្តកែវ
260 _aRUA
_bPhnom penh
_c2018
300 _axi;54p
_bill;
_c29cm
942 _2ddc
_cAED
999 _c18744
_d18744